Federico da Montefeltro : Herzog von Urbino ; Kriegsherr, Friedensfürst und Förderer der Künste

Saved in:
Bibliographic Details
Document Type: Book
Language:German
Published: München ; Berlin : Dt. Kunstverl. , 2001
Subjects:
Online Access:Rezension
Rezension
Rezension
Inhaltsverzeichnis
Related Items:Rezensiert in: [Rezension von: Jan Lauts / Irmlind Luise Herzner, Federico da Montefeltro - Herzog von Urbino]
Author Notes:Jan Lauts; Irmlind Luise Herzner
LEADER 05990cam a2201129 c 4500
001 336801343
003 DE-627
005 20260206200930.0
007 tu
008 011121s2001 gw ||||| 00| ||ger c
010 |a  2002445416 
015 |a 01,N49,0527  |2 dnb 
015 |a 02,A17,2023  |2 dnb 
016 7 |a 961451017  |2 DE-101 
020 |a 3422063544  |q Ln.: EUR 39.90, ca. sfr 112.00, ca. S 934.00  |9 3-422-06354-4 
035 |a (DE-627)336801343 
035 |a (DE-603)101608152 
035 |a (DE-576)091937728 
035 |a (DE-599)GBV336801343 
035 |a (OCoLC)231888573 
035 |a (OCoLC)48924518 
035 |a (OCoLC)52127627 
040 |a DE-627  |b ger  |c DE-627  |e rakwb 
041 |a ger 
044 |c XA-DE  |c XA-IT 
050 0 |a DG537.8.F42 
082 0 |a 945.67705092 
082 0 |a B 
082 0 |a 945/.67705/092 
082 0 |a 945.67705092  |a B  |q LoC  |2 DDC21oclc 
084 |a 63  |2 sdnb 
084 |a 63  |a 45  |a 46  |2 sdnb 
084 |a 9,10  |2 ssgn 
084 |a LN 74300  |2 rvk  |0 (DE-625)rvk/102161: 
084 |a NN 1625  |2 rvk  |0 (DE-625)rvk/126580: 
084 |a LH 60460  |2 rvk  |0 (DE-625)rvk/94197: 
084 |a NM 9100  |2 rvk  |0 (DE-625)rvk/126473: 
084 |a 20.70  |2 bkl 
084 |a 15.67  |2 bkl 
084 |a 20.16  |2 bkl 
245 0 0 |a Federico da Montefeltro  |b Herzog von Urbino ; Kriegsherr, Friedensfürst und Förderer der Künste  |c Jan Lauts; Irmlind Luise Herzner 
264 1 |a München  |a Berlin  |b Dt. Kunstverl.  |c 2001 
300 |a 454 S.  |b Ill., graph. Darst., Kt.  |c 25 cm 
336 |a Text  |b txt  |2 rdacontent 
337 |a ohne Hilfsmittel zu benutzen  |b n  |2 rdamedia 
338 |a Band  |b nc  |2 rdacarrier 
500 |a Literaturverz. S. 411 - 439 
583 1 |a Archivierung/Langzeitarchivierung gewährleistet  |f SSG  |x XA-DE-BW  |2 pdager  |5 DE-16 
600 1 0 |a Federico, da Montefeltro, Duke of Urbino 
600 1 7 |0 (DE-588)118967444  |0 (DE-627)079747345  |0 (DE-576)160917484  |a Montefeltro, Federigo da  |d 1422-1482  |2 gnd 
650 0 |a Condottieri  |x Biography 
650 0 7 |0 (DE-588)4074442-5  |0 (DE-627)106089617  |0 (DE-576)209193867  |a Mäzenatentum  |2 gnd 
650 0 7 |0 (DE-588)4125698-0  |0 (DE-627)104470348  |0 (DE-576)209578750  |a Kultur  |2 gnd 
651 0 |a Urbino (Italy)  |x Biography  |x Kings and rulers 
651 0 |a Italy  |x History  |x 1268-1492 
651 0 |a Urbino (Italy)  |x History 
655 7 |a Biografie  |0 (DE-588)4006804-3  |0 (DE-627)104213493  |0 (DE-576)208867147  |2 gnd-content 
689 0 0 |d p  |0 (DE-588)118967444  |0 (DE-627)079747345  |0 (DE-576)160917484  |a Montefeltro, Federigo da  |d 1422-1482  |2 gnd 
689 0 |5 DE-101 
689 1 0 |d p  |0 (DE-588)118967444  |0 (DE-627)079747345  |0 (DE-576)160917484  |a Montefeltro, Federigo da  |d 1422-1482  |2 gnd 
689 1 1 |d s  |0 (DE-588)4074442-5  |0 (DE-627)106089617  |0 (DE-576)209193867  |a Mäzenatentum  |2 gnd 
689 1 |5 DE-101 
689 2 0 |d p  |0 (DE-588)118967444  |0 (DE-627)079747345  |0 (DE-576)160917484  |a Montefeltro, Federigo da  |d 1422-1482  |2 gnd 
689 2 1 |d s  |0 (DE-588)4074442-5  |0 (DE-627)106089617  |0 (DE-576)209193867  |a Mäzenatentum  |2 gnd 
689 2 |5 (DE-627) 
689 3 0 |d p  |0 (DE-588)118967444  |0 (DE-627)079747345  |0 (DE-576)160917484  |a Montefeltro, Federigo da  |d 1422-1482  |2 gnd 
689 3 1 |d s  |0 (DE-588)4006804-3  |0 (DE-627)104213493  |0 (DE-576)208867147  |a Biografie  |2 gnd 
689 3 |5 (DE-627) 
700 1 |a Lauts, Jan  |d 1908-1993  |0 (DE-588)121583104  |0 (DE-627)081402627  |0 (DE-576)161924069  |4 oth 
700 1 |a Herzner-Kmentt, Irmlind Luise  |0 (DE-588)122881842  |0 (DE-627)082212473  |0 (DE-576)184162726  |4 oth 
700 1 |a Montefeltro, Federigo da  |d 1422-1482  |0 (DE-588)118967444  |0 (DE-627)079747345  |0 (DE-576)160917484  |4 oth 
787 0 8 |i Rezensiert in  |a Werner, Elke Anna, 1964 -   |t [Rezension von: Jan Lauts / Irmlind Luise Herzner, Federico da Montefeltro - Herzog von Urbino]  |d 2002  |w (DE-627)1920836071 
856 4 2 |u https://swbplus.bsz-bw.de/bsz091937728rez.htm  |m V:DE-576  |v 2005-08-09  |3 Rezension  |7 1 
856 4 2 |u http://www.sehepunkte.de/2002/09/3492.html  |m V:DE-576;X:Sehepunkte  |q text/html  |v 20180423160616  |3 Rezension  |7 1 
856 4 2 |u http://scans.hebis.de/HEBCGI/show.pl?10160815_rez.pdf  |m V:DE-576  |q application/pdf  |3 Rezension  |7 1 
856 4 2 |u http://scans.hebis.de/HEBCGI/show.pl?10160815_toc.pdf  |m V:DE-605;X:Imageware  |q application/pdf  |3 Inhaltsverzeichnis  |7 1 
935 |i Blocktest 
936 r v |a LN 74300  |b Urbino  |k Kunstgeschichte  |k Kunst nach Ländern bzw. Kontinenten  |k Italien  |k Kunsttopografie Italiens  |k Alphabetische Liste der italienischen Orte  |k Orte U  |k Urbino  |0 (DE-627)1271309491  |0 (DE-625)rvk/102161:  |0 (DE-576)201309491 
936 r v |a NN 1625  |b Montefeltro, Federico di  |k Geschichte  |k Neuere Geschichte  |k Zeitalter der Entdeckungen und der Glaubensspaltung (bis 1648)  |k Renaissance und Humanismus  |k Italien  |k Persönlichkeiten  |k Einzelne Persönlichkeiten (Quellen, Darstellungen, Werke)  |k Montefeltro, Federico di  |0 (DE-627)1271465035  |0 (DE-625)rvk/126580:  |0 (DE-576)201465035 
936 r v |a LH 60460  |b Mäzenatentum (allgemeine Darstellungen)  |k Kunstgeschichte  |k Allgemeines. Allgemeine Kunstgeschichte  |k Kunstkennerschaft und Mäzenatentum  |k Mäzenatentum (allgemeine Darstellungen)  |0 (DE-627)1270638106  |0 (DE-625)rvk/94197:  |0 (DE-576)200638106 
936 r v |a NM 9100  |b Italien, Sizilien, Sardinien  |k Geschichte  |k Geschichte des Mittelalters  |k Geschichte der auswärtigen Staaten und Völker  |k Europäische Staaten und Völker  |k Italien, Sizilien, Sardinien  |0 (DE-627)1271463458  |0 (DE-625)rvk/126473:  |0 (DE-576)201463458 
936 b k |a 20.70  |j Europäische Kunst: Allgemeines  |0 (DE-627)106406566 
936 b k |a 15.67  |j Italien  |x Geschichte  |0 (DE-627)181569728 
936 b k |a 20.16  |j Kunstförderung  |0 (DE-627)106406558 
936 s n |a l300  |2 mzub 
936 s n |a n100  |2 mzub 
936 s n |a z210  |2 mzub 
951 |a BO 
990 |a Montefeltro, Federigo da 
990 |a Montefeltro, Federigo da 
990 |a Mäzenatentum 
990 |a Montefeltro, Federigo da 
990 |a Mäzenatentum 
990 |a Montefeltro, Federigo da 
990 |a Biografie 
991 |a Rezensiertes Werk 
999 |a KXP-PPN336801343  |e 494924566X